A FIRST COURSE IN PROBABILITY (Record no. 216421)

MARC details
000 -LEADER
fixed length control field 00458nam a22001697a 4500
008 - FIXED-LENGTH DATA ELEMENTS--GENERAL INFORMATION
fixed length control field 260107b |||||||| |||| 00| 0 eng d
020 ## - INTERNATIONAL STANDARD BOOK NUMBER
International Standard Book Number 10:1-292-26920-0
050 ## - LIBRARY OF CONGRESS CALL NUMBER
Classification number QA 273.R67 2020
100 ## - MAIN ENTRY--PERSONAL NAME
Personal name ROSS SHELDON
245 ## - TITLE STATEMENT
Title A FIRST COURSE IN PROBABILITY
260 ## - PUBLICATION, DISTRIBUTION, ETC.
Place of publication, distribution, etc. NEWYORK
Name of publisher, distributor, etc. PEARSON
Date of publication, distribution, etc. 2020
300 ## - PHYSICAL DESCRIPTION
Extent X,517
500 ## - GENERAL NOTE
General note INCLUDES AN INDEX
650 ## - SUBJECT ADDED ENTRY
Topical term or geographic name entry element Mathematical statistics-sholastic processes
942 ## - ADDED ENTRY ELEMENTS (KOHA)
Source of classification or shelving scheme Library of Congress Classification
Koha item type Long Loan Book
Holdings
Withdrawn status Lost status Source of classification or shelving scheme Damaged status Not for loan Collection Home library Current library Shelving location Date acquired Inventory number Total checkouts Full call number Barcode Date last seen Date last checked out Copy number Price effective from Koha item type
    Library of Congress Classification     Science & Technology Kisii University Library Kisii University Library On Display 01/07/2026 110645 1 QA 273.R67 2020 000000024650 04/08/2026 03/24/2026 C.1 01/07/2026 Long Loan Book
    Library of Congress Classification     Science & Technology Kisii University Library Kisii University Library On Display 01/07/2026 110646   QA 273.R67 2020 000000024651 01/07/2026   C.2 01/07/2026 Long Loan Book
    Library of Congress Classification     Science & Technology Kisii University Library Kisii University Library On Display 01/07/2026 110647   QA 273.R67 2020 000000024652 01/07/2026   C.3 01/07/2026 Long Loan Book
    Library of Congress Classification     Science & Technology Kisii University Library Kisii University Library On Display 01/07/2026 110648   QA 273.R67 2020 000000024653 01/07/2026   C.4 01/07/2026 Long Loan Book